ბათუმის შოთა რუსთაველის სახელმწიფო უნივერსიტეტის ბიბლიოთეკა

გ.ვ. პლეხანოვის ფილოსოფიური შეხედულებანი / (ბიბ.ჩანაწერი № 37913)

000 -ლიდერი
ფიქსირებული სიგრძის საკონტროლო ველი 00777nam a2200217Ia 4500
001 - საკონტროლო ნომერი
საკონტროლო ველი 3891
003 - საკონტროლო ნომრის იდენტიფიკატორი
საკონტროლო ველი GE_BSU
005 - ბოლო ოპერაციის თარიღი და დრო
საკონტროლო ველი 20190819171645.0
008 - ფიქსირებული სიგრძის მონაცემთა ელემენტები - ზოგადი ინფორმაცია
ფიქსირებული სიგრძის საკონტროლო ველი 181216s1963||||ge |||||||||||||| ||geo||
040 ## - კატალოგიზაციის წყარო
Transcribing agency GE_BSU
041 ## - ენის კოდი
Language code of text/sound track or separate title geo
080 ## - უნივერსალური ათობითი კლასიფიკაციის ინდექსი
Universal Decimal Classification number 101 კ–50
100 ## - მთავარი ჩანაწერი - პიროვნების სახელი
Personal name კილაძე, ვ.
9 (RLIN) 3687
245 ## - ცნობა სათაურის შესახებ
Title გ.ვ. პლეხანოვის ფილოსოფიური შეხედულებანი /
Statement of responsibility, etc რედ. მ. ნემსაძე.
264 ## - წარმოების, გამოცემის, დისტრიბუციის და სხვა ცნობები
გამოცემის, წარმოების, დისტრიბუციის... ადგილი თბ. :
გამოცემის, წარმოების, დისტრიბუციის... სახელწოდება თბილ. უნ-ტი,
გამოცემის, წარმოების, დისტრიბუციის... თარიღი 1963.
300 ## - ფიზიკური აღწერა
Extent 168 გვ.;
Other physical details 22 სმ.
600 ## - SUBJECT ADDED ENTRY--PERSONAL NAME
Personal name პლეხანოვი გ.
9 (RLIN) 3688
653 ## - INDEX TERM--UNCONTROLLED
Uncontrolled term პლეხანოვი გ.
700 ## - ADDED ENTRY--PERSONAL NAME
Personal name ნემსაძე, მ.
Relator term რედაქტორი
9 (RLIN) 3689
942 ## - ADDED ENTRY ELEMENTS (KOHA)
Koha item type წიგნი
Source of classification or shelving scheme
ეგზემპლარები
ჩამოწერის სტატუსი დაკარგული ეგზემპლარის სტატუსი კლასიფიკაციის წყარო ან თაროზე გაწყობის სქემა დაზიანების სტატუსი არ გაიცემა მუდმივი მდებარეობა (დაცვის ადგილი) ამჟამინდელი ადგილსამყოფელი თაროზე განთავსების ადგილი შეძენის თარიღი ღირებულება, შესყიდვის ნორმალური ფასი სრული შენახვის შიფრი შტრიხკოდი ბოლო ოპერაციის თარიღი ეგზემპლარის მიმდევრობითი ნომერი (კეტერი?) ფასის ძალაში შესვლის თარიღი ეგზემპლარის სახეობა საჯარო შენიშვნა
          ბათუმის შოთა რუსთაველის სახელმწიფო უნივერსიტეტის მთავარი ბიბლიოთეკა ბათუმის შოთა რუსთაველის სახელმწიფო უნივერსიტეტის მთავარი ბიბლიოთეკა წიგნსაცავი 2018-12-17 1.10 101 კ–50 5464 2018-12-17 5464 2018-12-17 წიგნი 1ლ. 10თ.